|
|
|
|
| LEADER |
00000nab a2200000 a 4500 |
| 001 |
vtls000915209 |
| 003 |
SK-MaSNL |
| 005 |
20260303202617.0 |
| 008 |
040720e19920707xo 0 slo |
| 035 |
|
|
|a KE24096
|
| 040 |
|
|
|a KEVKJB
|b slo
|c KEVKJB
|e AACR2
|
| 041 |
0 |
|
|a slo
|
| 044 |
|
|
|a xo
|c SK
|
| 080 |
|
|
|a 329.14
|2 1981
|
| 080 |
|
|
|a 323
|2 1981
|
| 080 |
|
|
|a 351.745
|2 1981
|
| 100 |
0 |
|
|a -ale-
|4 aut
|9 883402
|
| 245 |
1 |
0 |
|a Causa Tibor Adam alias rytier Tibor Andrew Adam von Rhéday
|
| 590 |
|
|
|a Rhédey, Andrew 1949-,
|
| 600 |
1 |
7 |
|a Rhédey, Andrew 1949-,
|2 KEVKJB
|9 880905
|
| 610 |
2 |
7 |
|a Verejnosť proti násiliu (politické hnutie)
|2 KEVKJB
|9 236133
|
| 650 |
0 |
7 |
|a situácia vnútropolitická
|2 KEVKJB
|9 881183
|
| 650 |
0 |
7 |
|a mestská polícia
|2 KEVKJB
|9 26122
|
| 650 |
0 |
7 |
|a politické aféry
|2 KEVKJB
|9 4568
|
| 651 |
|
7 |
|a Košice (Slovensko)
|2 KEVKJB
|9 18694
|
| 651 |
|
7 |
|a KE,
|2 KEVKJB
|9 877256
|
| 655 |
|
7 |
|a periodikum
|2 snkbucl
|9 29553
|
| 710 |
2 |
|
|a Verejnosť proti násiliu (politické hnutie)
|4 aut
|9 236133
|
| 773 |
0 |
8 |
|t Slovenský národ
|g Roč. 3, č.27, 7.7.1992, s. 1,5
|
| 852 |
|
|
|a ZVYKNI
|b KIS3GCP
|
| 999 |
|
|
|c 2180659
|d 2182589
|